Baby on Baby - DaBaby - Statistics

General Stats
  • This quiz has been taken 5 times
  • The average score is 5 of 13
Answer Stats
Songs Plays Artists % Correct
Suge 687,637,538 DaBaby
100%
Carpet Burn 30,189,612 DaBaby
50%
Celebrate 19,452,563 DaBaby, Rich Homie Quan
50%
Baby Sitter 224,247,038 DaBaby, Offset
25%
Backend 13,515,121 DaBaby
25%
Best Friend 17,878,614 DaBaby, Rich The Kid
25%
Deal Wit It 16,349,606 DaBaby
25%
Goin Baby 234,775,851 DaBaby
25%
Joggers 21,224,993 DaBaby, Stunna 4 Vegas
25%
Pony 43,671,340 DaBaby
25%
Taking It Out 45,343,296 DaBaby
25%
Tupac 14,901,901 DaBaby
25%
Walker Texas Ranger 77,734,901 DaBaby
25%
No matching quizzes found
Score Distribution
Percent of People with Each Score
Percentile by Number Answered
Your Score History
You have not taken this quiz